000
00514nam a2200145Ia 4500
008
100204s9999 xx 000 0 und d
082
_b
22895
100
_a
कौसल्यायन भदंत आनंद
245
_a
स्वतंत्र चिंतन
260
_b
हेमचंद्र मोदी पुस्तकमाला
_c
1950
300
_a
220
630
_a
स्वतंत्र चिंतन
730
_a
स्वतंत्र चिंतन
942
_c
BOOK
999
_c
467996
_d
467993